| 000 | 00734nam a22002057a 4500 | ||
|---|---|---|---|
| 999 |
_c15284 _d15284 |
||
| 003 | OSt | ||
| 082 | _2631.75807 GEE/AN | ||
| 088 | _aP 67 | ||
| 100 |
_aGEETHA V _93776 |
||
| 245 | _aAnalysis of erosivity indices with special reference to Kerala | ||
| 260 |
_aTavanur 1997 _bDepartment of Land and Water Resources and Conservation Engineering |
||
| 300 | _a76 | ||
| 500 | _aAnalysis of erosivity indices with special reference to Kerala | ||
| 520 | _aAnalysis of erosivity indices with special reference to Kerala | ||
| 700 |
_aPrabhadevi P. S _93777 |
||
| 700 |
_aSudheer Narayanan _93778 |
||
| 700 |
_aEr. Rema K. P (Guide) _93554 |
||
| 856 | _uhttps://drive.google.com/open?id=16xRoX6dOZdMnd30cypagpelh2DDAf6VN | ||
| 942 | _cPR | ||